000 00915nam a2200289 i 4500
001 bg
100 1 _aSZKODA, Franciszek
245 1 0 _aKrystalografia geometryczna i zarys mineralogii /
_cFranciszek Szkoda, Zygmunt Nitkiewicz.
250 _aWyd. 2 zm. i uzup.
260 _aCzęstochowa :
_bWydaw. PC,
_c1994.
300 _a175, [1] s., [7] s. tabl. kolor. :
_bfot., rys., wykr. ;
_c24 cm.
490 1 _aSkrypt / Politechnika Częstochowska
500 _aWyd. 1 pt. : Krystalografia i mineralogia.
504 _aBibliogr. s. 92, 169.
650 9 _aKrystalografia
650 9 _aMineralogia
655 _aPodręczniki akademickie
700 1 _aNITKIEWICZ, Zygmunt
830 0 _aSkrypt (Politechnika Częstochowska)
020 _a8385031405
040 _cBPK
041 0 _apol
080 _a548+549(075.8)
920 _a83-85031-40-5
942 _cKS
008 s pl f |000 0 pol
999 _c10371
_d10371
856 _uhttp://koha.tu.koszalin.pl/cgi-bin/koha/opac-detail.pl?biblionumber=10371
_yKatalog online BPK